Представление документа в формате RUSMARC

ПолеНазваниеЗначение
  Тип записи a
  Библиографический уровень m
001 Контрольный номер RU/IS/BASE/501611280
005 Дата корректировки 20201206204959.3
010 Индекс ISBN __
a ISBN 978-5-462-01658-5 (в обл.)
d Цена 126-72
100 Данные общей обработки __
a Данные общей обработки 19151123d2015||||||| 0rusy0189 ca
101 Язык документа 0_
a Язык текста rus
102 Страна публикации __
a Страна публикации ru|
105 Кодированные данные (монография) __
a Кодированные данные (монография) |||||||||00zy
200 Заглавие и сведения об ответственности 1_
a Заглавие Маленькие куколки за полчаса
f Первые сведения об ответственности [Иванова Юлия Валентиновна ; фото и рисунки автора]
b Общее обозначение материала Текст
210 Выходные данные __
a Место издания Москва
c Издательство АСТ-Пресс Книга
d Дата издания 2015
215 Физическое описание __
a Объем 31, [1] с.
c Иллюстрации/тип воспроизводства цв. ил.
d Формат 22 см
225 Серия __
a Серия Хоббитека
225 Серия __
a Серия ХОББИэкспресс
300 Общие примечания __
a Общие примечания Авт. указ. перед вып. дан.
300 Общие примечания __
a Общие примечания 4000 экз.
330 Аннотация __
a Аннотация Маленькая куколка - чудесная игрушка. Ведь для ее наряда достаточно лоскутка яркой ткани, а для домика и мебели подойдет любая картонная коробка. Но крошка куколка придется по душе не только маленькой девочке. Для девушки или молодой женщины она может стать талисманом, брелоком или просто дорогой сердцу вещью. Замечательный мастер Юлия Иванова в нашей книге дает пять мастер-классов по изготовлению куколок из самых разных материалов. Для создания большинства этих симпатичных моделей благодаря понятному описанию и пошаговым иллюстрациям может хватить и получаса.
606 Тематические рубрики __
a Основная рубрика Легкая промышленность
606 Тематические рубрики __
a Основная рубрика Швейное производство
606 Тематические рубрики __
a Основная рубрика Изобразительное искусство и архитектура
606 Тематические рубрики __
a Основная рубрика Художественные изделия
610 Ключевые слова __
a Ключевые слова авторские куклы
a Ключевые слова выкройки кукол
a Ключевые слова изготовление кукол
a Ключевые слова куклы
a Ключевые слова кукольная одежда
a Ключевые слова мастер-классы
a Ключевые слова методика изготовления
a Ключевые слова оформление прически
a Ключевые слова рисование лица
a Ключевые слова рукоделие
a Ключевые слова самодельные куклы
a Ключевые слова техника изготовления
686 Индексы других классификаций __
2 Код системы rubbks
a Классификационный индекс 37.248
686 Индексы других классификаций __
2 Код системы rubbks
a Классификационный индекс 85.126.7
700 Автор _1
a Фамилия Иванова
b Имя Ю. В.
f Даты 1963-
g Полное личное имя Юлия Валентиновна
4 Код отношения 070
4 Код отношения 040
4 Код отношения 600
801 Источник записи _0
a Страна ru
b Организация Муниципальное бюджетное учреждение культуры "Централизованная библиотечная система" г. Сургут (Центральная городская библиотека им. А. С. Пушкина)
c Дата составления 20151123
g Правила каталогизации КиК/Коробейникова
801 Источник записи _1
a Страна ru
b Организация Муниципальное бюджетное учреждение культуры "Централизованная библиотечная система" г. Сургут (Центральная городская библиотека им. А. С. Пушкина)
c Дата составления 20151123
g Правила каталогизации КиК/Коробейникова
852 Данные о местонахождении __
j Шифр хранения 37.248
i Авторский знак И 20
901 Тип документа __
t Тип документа m
903 Характеристики (МАРС) __
a Дата передачи 20151123
969 Тип издания __
a Тип издания издание для досуга; брошюра
990 Данные о заказе (DOS) __
j Количество экземпляров (DOS) 2
t N записи в КСУ для И/У (DOS) 201511